Banks and Monetary Shocks in Emerging Markets : How Far Can We Go with the "Credit View"? /

This paper examines the propagation of monetary shocks in a two-good optimizing macromodel where domestic banking activity is costly and the non-tradable sector is highly dependent on domestic bank credit, as in most emerging market economies. The model develops the Bernanke-Blinder 'credit vie...

Cijeli opis

Bibliografski detalji
Glavni autor: Catao, Luis
Daljnji autori: Rodriguez, Sergio
Format: Žurnal
Jezik:English
Izdano: Washington, D.C. : International Monetary Fund, 2000.
Serija:IMF Working Papers; Working Paper ; No. 2000/068
Online pristup:Full text available on IMF
LEADER 01773cas a2200253 a 4500
001 AALejournalIMF001215
008 230101c9999 xx r poo 0 0eng d
020 |c 5.00 USD 
020 |z 9781451848984 
022 |a 1018-5941 
040 |a BD-DhAAL  |c BD-DhAAL 
100 1 |a Catao, Luis. 
245 1 0 |a Banks and Monetary Shocks in Emerging Markets :   |b How Far Can We Go with the "Credit View"? /  |c Luis Catao, Sergio Rodriguez. 
264 1 |a Washington, D.C. :  |b International Monetary Fund,  |c 2000. 
300 |a 1 online resource (37 pages) 
490 1 |a IMF Working Papers 
500 |a <strong>Off-Campus Access:</strong> No User ID or Password Required 
500 |a <strong>On-Campus Access:</strong> No User ID or Password Required 
506 |a Electronic access restricted to authorized BRAC University faculty, staff and students 
520 3 |a This paper examines the propagation of monetary shocks in a two-good optimizing macromodel where domestic banking activity is costly and the non-tradable sector is highly dependent on domestic bank credit, as in most emerging market economies. The model develops the Bernanke-Blinder 'credit view' of the monetary transmission mechanism along classical lines, with no Keynesian rigidities being imposed and the only sources of 'imperfection' arising from deposit and credit-in-advance constraints. Using numerical simulations, we show that such a relatively simple model goes a long way toward explaining some key 'stylized facts' of recent financial crises. 
538 |a Mode of access: Internet 
700 1 |a Rodriguez, Sergio. 
830 0 |a IMF Working Papers; Working Paper ;  |v No. 2000/068 
856 4 0 |z Full text available on IMF  |u http://elibrary.imf.org/view/journals/001/2000/068/001.2000.issue-068-en.xml  |z IMF e-Library